[Event "RUS-ch 68th"]
[Site "Chita"]
[Date "2015.08.16"]
[Round "7"]
[White "Tomashevsky, Evgeny"]
[Black "Khairullin, Ildar"]
[Result "1-0"]
[WhiteElo "2747"]
[BlackElo "2662"]
[Annotator "Sagar Shah"]
[PlyCount "119"]
[EventDate "2015.08.09"]
[EventType "tourn"]
[EventRounds "11"]
[EventCountry "RUS"]
[EventCategory "18"]
[SourceTitle "CBM 168"]
[Source "ChessBase"]
[SourceDate "2015.09.14"]
[SourceVersion "1"]
[SourceVersionDate "2015.09.14"]
[SourceQuality "1"]

{Overall this is a brilliant game played by Tomashevsky. In the first half of
the game he was able to gain a nice advantage and after that his technical
performance was just top notch.} 1. d4 Nf6 2. c4 g6 3. Nc3 d5 4. Bg5 Ne4 (4...
Bg7 5. Bxf6 Bxf6 6. cxd5 c5 {is a completely crazy line which has been
becoming popular recently.}) 5. Bh4 c5 6. cxd5 {Six minutes for this move?!!
It surely meant that Tomashevsky had not prepared this line right before the
game. He had to recollect the bits he had in his mind regarding this opening.}
Nxc3 7. bxc3 Qxd5 8. e3 Bg7 9. Nf3 (9. Qf3 $5 {is also played quite often.})
9... Nc6 10. Be2 cxd4 11. cxd4 O-O 12. O-O Bf5 {Nd2, Qa4 and Qb3 are the main
moves in this position. But Tomashevsky thinks for nine minutes and comes up
with a novelty.} 13. h3 $5 {Some kind of waiting move asking Black to define
his intentions.} (13. Nd2 e5 14. Bf3 e4 15. Be2 $14 {Thanks to his compact
pawn structure, White has scored very well from this position.}) (13. Qb3 Qxb3
14. axb3 e5 (14... Rfc8 15. Nd2 $14) 15. d5 e4 16. dxc6 exf3 17. Bxf3 bxc6 18.
Ra5 Rab8 19. Rxa7 Rxb3 20. Bxc6 $14 {What is the objective evaluation of this
position? Who cares? Who would like to defend such an endgame right out of the
opening?}) 13... Rac8 (13... e5 $6 14. dxe5 Qxd1 15. Rfxd1 Nxe5 16. Nd4 Be4 17.
Nb5 $14 {The knight settles in on d6 and combined with the bishop on h4 is
going to cause the lot of difficulties for the black rooks to come into the
game.}) 14. Qb3 Qxb3 15. axb3 a6 {This is not a move that Black would have
been very happy to make especially with the knight on f3 having a clear route
from f3-d2-c4 looking at the b6 weakness. But in any case I feel that this
endgame is quite unpleasant for Black to play.} 16. g4 $5 {Thirty minutes for
the move g4. I am sure that Tomashevsky was thinking whether the move g4 was
required or not. Finally he decided that this was the best use of the move h3.}
Be4 (16... Be6 17. Nd2 {is similar to the game.}) 17. Nd2 Bd5 18. Nc4 Rcd8 19.
Rac1 Rfe8 20. Rfd1 Nb4 21. Nb6 $1 Bxb3 22. Rd2 {The threat now is to play Rb1
or Rb2 and win a piece.} Rd6 (22... Be6 23. Rb2 Nd5 (23... Nc6 24. Bg3 $16 {
Bc7 will win an exchange here.}) 24. Bf3 Nxb6 25. Rxb6 $16) (22... a5 23. Bb5
$16) 23. Nc8 Rc6 (23... Rd7 24. Nxe7+ Rdxe7 25. Bxe7 Rxe7 26. Rb2 $18) 24.
Nxe7+ Rxe7 25. Rb1 (25. Rxc6 $2 Nxc6 26. Bxe7 Nxe7 $17) 25... Bf6 26. Bxf6 (26.
g5 $5) 26... Rxf6 27. Rxb3 Nd5 28. Kg2 $14 {Let us try to understand the
position that has been reached at the board after 28 moves. Who is better and
why? At first glance it seems like Black should be better because he has the
outside connected passers. But this would be a very superficial assessment.
The important thing to note is that these pawns cannot be pushed easily. At
the same time the bishop can be stationed on a square like f3 very well while
it is very difficult for the black knight to find an outpost. One of the
reasons for the knight not having a fixed point is that the bishop controls
the light squares and the pawns f2-e3-d4 control the dark squares. Together
they make an impressive team. White's central pawns are also difficult to move
but he will first try to create a second weakness by pushing his h- and
g-pawns. To write these words is quite easy but to put them into effect on the
chess board is extremely difficult. That's why Tomashevsky is one of the best
players in the world. Have a look at how beautifully he converted this
position into a win.} b5 29. Bf3 Nb6 30. Ra2 Na4 {The knight tries to shield
the a6 weakness but soon it will have to move as White can always attack it
with Bd1.} (30... Nc4 31. Be2 Rc7 32. Rc3 $16) 31. Rc2 Rd6 32. g5 Kg7 33. h4 h6
34. Kg3 hxg5 35. hxg5 f6 36. gxf6+ Rxf6 {Has Black benefitted by employing the
f6 and h6 breaks or has he made it easier for White to push his pawns? I think
with the breaks out of the way, White now knows exactly what he is facing. It
might have made sense to keep the breaks in reserve. But what should have
Black done if not for f6 and h6. He doesn't have anything constructive and
could have just shuffled his pieces from here to there - something which is
difficult for us human beings.} 37. Ra3 Rd6 38. Bd1 Ra7 39. Rca2 Nc5 40. Bc2 (
40. dxc5 Rxd1 41. Rxa6 Rxa6 42. Rxa6 Rc1 43. c6 b4 44. Rb6 b3 45. Rxb3 Rxc6 {
I tried to find a similar position in Averbakh's comprehensive chess endgames
book and found out that the position is drawn with accurate play.}) 40... Ne6
41. Ra5 Nc7 42. Be4 Rb6 43. Kf3 Ne8 44. Ke2 Re7 45. Kd3 Nc7 46. f3 {The pawns
start moving now.} Rd7 47. Rc2 Ne6 48. Ra1 $1 {The rook shifts to the kingside
now. a6, g6 and the threat of an invasion down the c-file constitute too many
things to take care of.} Kf6 (48... Rc7 49. Rxc7+ Nxc7 50. Kc3 $16 {[%cal
Gc3b4,Gb4a5]}) 49. Rg1 Rg7 50. Rgc1 Rd6 51. Rc8 Rgd7 52. Rg1 Rg7 53. Kd2 g5 54.
Kc3 a5 (54... Rc7+ 55. Rxc7 Nxc7 {Exchanging a pair of rooks may have been
wise but it helps the white king to roam around without any fear.} 56. Kb4 Rd8
57. Kc5 Ne6+ 58. Kb6 Rd6+ 59. Ka5 $16 {Whether this will win or not is unclear
but it is a hard defence for Black.}) 55. Ra8 Rc7+ 56. Kb2 a4 57. Rh1 Rc4 58.
Rh6+ Ke7 (58... Kg7 59. Ra7+ $1 Kg8 (59... Kxh6 60. Rh7#) 60. Bf5 a3+ 61. Ka2
Rcc6 62. d5 $18) 59. Rh7+ Kf6 60. Rg8 {Mate can only be averted by sacrificing
material and hence Khairullin resigned. A very consistent game by Tomashevsky
who hardly made a bad move.} 1-0

[Event "RUS-chT 23rd"]
[Site "Sochi"]
[Date "2016.05.01"]
[Round "1.2"]
[White "Artemiev, Vladislav"]
[Black "Tomashevsky, Evgeny"]
[Result "0-1"]
[WhiteElo "2669"]
[BlackElo "2722"]
[PlyCount "116"]
[EventDate "2016.05.01"]
[EventType "team-tourn"]
[EventRounds "10"]
[EventCountry "RUS"]
[SourceTitle "CBM 173"]
[Source "ChessBase"]
[SourceDate "2016.07.12"]
[SourceVersion "1"]
[SourceVersionDate "2016.07.12"]
[SourceQuality "1"]
[WhiteTeam "Tatarstan Rook"]
[BlackTeam "Novosibirsk Siberia"]
[WhiteTeamCountry "RUS"]
[BlackTeamCountry "RUS"]

1. e4 e5 2. Bc4 Nf6 3. d3 Nc6 4. Nf3 Bc5 5. O-O O-O 6. Nbd2 d6 7. c3 a5 8. h3
Be6 9. Re1 Qd7 10. Bb5 Bxh3 11. gxh3 Qxh3 12. Nf1 Qg4+ 13. Kh1 Qh3+ 14. N3h2
Bxf2 15. Re2 Ng4 16. Rc2 f5 17. Bc4+ Kh8 18. Be6 g6 19. exf5 gxf5 20. Qf3 Qh4
21. Be3 Bxe3 22. Nxe3 Qh6 23. Nexg4 Qxe6 24. Ne3 Ne7 25. Qh3 Rf6 26. Rg1 f4 27.
Qxe6 Rxe6 28. Nef1 Rg6 29. Nf3 Kg7 30. Ng5 c6 31. Rh2 h6 32. Nf3 Nf5 33. Re2
Re8 34. Re4 Kf6 35. d4 Rxg1+ 36. Kxg1 Re7 37. Kf2 h5 38. a4 b5 39. axb5 cxb5
40. c4 bxc4 41. dxe5+ dxe5 42. Rxc4 e4 43. Nd4 Rb7 44. Nxf5 Rxb2+ 45. Kg1 Kxf5
46. Rc5+ Kg6 47. Rxa5 h4 48. Ra8 h3 49. Rh8 e3 50. Rg8+ Kf5 51. Rf8+ Ke4 52.
Re8+ Kd3 53. Rd8+ Ke2 54. Ra8 Rb1 55. Ra2+ Kd3 56. Ra3+ Ke4 57. Ra2 f3 58. Ra4+
Kd5 0-1

[Event "Olympiad-42"]
[Site "Baku"]
[Date "2016.09.09"]
[Round "7.2"]
[White "Laznicka, Viktor"]
[Black "Tomashevsky, Evgeny"]
[Result "0-1"]
[WhiteElo "2651"]
[BlackElo "2731"]
[Annotator "Krasenkow,M"]
[PlyCount "78"]
[EventDate "2016.09.02"]
[EventType "team-swiss"]
[EventRounds "11"]
[EventCountry "AZE"]
[SourceTitle "CBM 175"]
[Source "ChessBase"]
[SourceDate "2016.11.10"]
[SourceVersion "1"]
[SourceVersionDate "2016.11.10"]
[SourceQuality "1"]
[WhiteTeam "Czech Republic"]
[BlackTeam "Russia"]
[WhiteTeamCountry "CZE"]
[BlackTeamCountry "RUS"]

1. d4 Nf6 2. c4 e6 3. Nc3 Bb4 4. Qc2 O-O 5. a3 Bxc3+ 6. Qxc3 d6 7. f3 d5 $5 {
An original concept by GM Gyula Sax. Black wants to prove that this change of
the pawn structure makes White's f2-f3 favorable for Black.} 8. cxd5 (8. Bg5 {
is another popular move.}) 8... exd5 (8... Nxd5 9. Qd3 f5 {is more logical but
still White keeps a small edge:} (9... b6 10. e4 Ba6 11. Qb3 (11. Qc2 $5 Bxf1
12. Kxf1 Ne7 13. Ne2 Nbc6 14. Be3 Qd7 15. g3 f5 16. Kg2 fxe4 17. fxe4 e5 18. d5
Na5 19. Rhf1 $14 {1/2 (35) Lazarev,V (2361)-Ghaem Maghami,E (2554) Rasht 2015})
11... Bxf1 12. Kxf1 Nf6 (12... Ne7 $5) 13. Be3 Nbd7 14. Ne2 c5 15. Kf2 cxd4 16.
Bxd4 Qe7 17. Rac1 $14 {1-0 (48) Vidit,S (2625)-Swayams,M (2491) Kottayam 2014})
10. e4 (10. Nh3 {1/2 (27) Flumbort,A (2503)-Idani,P (2473) Budapest 2012} Nc6
$5) 10... Nf6 11. Bg5 h6 12. Bxf6 Rxf6 13. Nh3 Nc6 14. O-O-O fxe4 15. fxe4 Rf7
16. Qe3 Na5 17. b4 Nc6 18. Bc4 Ne7 19. Nf4 $14 {1-0 (58) Ralls,R (2359)-Egorov,
V (2181) Lechenicher SchachServer 2014}) 9. e3 (9. Bg5 Re8 10. e3 h6 11. Bh4 c5
$1 12. Ne2 {1-0 (36) Hambleton,A (2461)-Sundararajan,K (2428) Forni di Sopra
2013} c4 $5 $13) 9... a5 (9... Bf5 $5 10. Ne2 $5 (10. g4 $2 Ne4 $1 11. fxe4
Qh4+ 12. Kd1 Bxe4 13. Qxc7 Bxh1 $19 {0-1 (38) Li,Z (2261)-Khenkin,I (2659)
Cammeray 2013}) 10... Nbd7 11. g4) 10. Bd2 b6 11. Rc1 c6 12. Bd3 Ba6 13. Ne2
Bxd3 14. Qxd3 Qd7 {Black has traded White's strong bishop but his c6-pawn is
now quite weak. He must prepare ...c6-c5 now but it takes a lot of time.
Actually, f2-f3 proves quite useful for White.} 15. O-O Na6 16. Be1 $1 c5 17.
Bh4 $14 c4 {Black releases pressure in the centre, and White easily pushes
e3-e4.} 18. Qd2 Ne8 19. e4 Nac7 20. a4 {This move is unnecessary.} (20. Nc3 b5
21. Rfe1 $36 {[%cal Ge1e7]}) 20... Nd6 21. Nc3 b5 (21... Rae8 $142 22. Rce1 b5)
22. axb5 Ndxb5 23. exd5 $2 {There was no point to give up the d5 square.} (23.
Na4 $1 $36 {[%cal Ra4b6,Ya4c5]}) 23... Nxd5 {Black is absolutely fine now.} 24.
Ne4 Qc6 25. Nc5 Nb6 26. Rfe1 Rfe8 27. Re4 a4 28. Rce1 Nd6 29. Re5 h6 30. Be7
Nbc8 31. Qf4 $4 {[%mdl 16384] White underestimates Black's queenside pawns and
loses.} (31. Bxd6 Nxd6 32. Qb4 $11) 31... Nxe7 32. Rxe7 Rxe7 33. Rxe7 c3 $1 34.
bxc3 a3 35. Re1 a2 36. Ra1 Qb5 37. Qc1 Qe2 $19 {[%cal Yd6c4,Yc4e3]} 38. Nb3 Nc4
39. Qe1 Qb2 (39... Qb2 40. Nc5 Ne3 $19) 0-1

[Event "TUR-chT"]
[Site "Konya"]
[Date "2019.07.23"]
[Round "7.3"]
[White "Tomashevsky, Evgeny"]
[Black "Alekseenko, Kirill"]
[Result "1-0"]
[WhiteElo "2702"]
[BlackElo "2650"]
[PlyCount "81"]
[EventDate "2019.07.17"]
[EventType "team-tourn"]
[EventRounds "13"]
[EventCountry "TUR"]
[SourceTitle "CBM 191 Extra"]
[Source "ChessBase"]
[SourceDate "2019.09.30"]
[SourceVersion "1"]
[SourceVersionDate "2019.09.30"]
[SourceQuality "1"]
[WhiteTeam "Besiktas Jimnastik"]
[BlackTeam "Hatay Buyuksehir"]
[WhiteTeamCountry "TUR"]
[BlackTeamCountry "TUR"]

1. d4 Nf6 2. c4 e6 3. Nf3 d5 4. Nc3 dxc4 5. e4 b5 6. e5 Nd5 7. Nxb5 Nb6 8. a4
Nc6 9. a5 Ba6 10. Na3 Bb4+ 11. Bd2 c3 12. bxc3 Bxf1 13. axb6 Bxg2 14. Rg1 Bxf3
15. Qxf3 Nxd4 16. Qe4 axb6 17. cxb4 Qd5 18. Qxd5 exd5 19. Rg3 O-O 20. Rc1 Ne6
21. Rc6 Ra4 22. Rd3 Rd8 23. Nb5 Ra1+ 24. Ke2 Ra2 25. Kf3 Rd7 26. Nd4 Re7 27.
Nf5 Rd7 28. Nd4 Re7 29. Nxe6 fxe6 30. Be3 Kf7 31. Rdc3 Ra7 32. Bg5 Rd7 33. Kg4
h6 34. Rf3+ Kg8 35. Bd2 Ra2 36. Rd3 Kf7 37. h4 Re7 38. f4 Ke8 39. Bc1 Ra4 40.
Bd2 Kd7 41. Rdc3 1-0